Countries with a Formula 1 Grand Prix in 2025 - Statistics

General Stats
  • This quiz has been taken 96 times
  • The average score is 18 of 21
Answer Stats
Circuit Answer % Correct
Barcelona-Catalunya Spain
99%
Shanghai International China
95%
Monza | Emilia Romagna Italy
93%
Hungaroring Hungary
92%
Miami | Las Vegas | COTA United States of America
91%
Suzuka International Japan
89%
Monte Carlo Monaco
89%
Silverstone United Kingdom
89%
Albert Park Australia
88%
Baku Azerbaijan
88%
Spa-Francorchamps Belgium
88%
Red Bull Ring Austria
84%
Zandvoort Netherlands
84%
Jeddah Corniche Saudi Arabia
82%
Interlagos Brazil
81%
Autódromo Hermanos Rodríguez Mexico
81%
Circuit Gilles Villeneuve Canada
74%
Sahkir Bahrain
69%
Marina Bay Singapore
69%
Yas Marina United Arab Emirates
65%
Lusail International Qatar
64%
No matching quizzes found
Score Distribution
Percent of People with Each Score
Percentile by Number Answered
Your Score History
You have not taken this quiz